Computational fluid dynamics for LNG vapor dispersion modeling : a key parameters study /

Bibliographic Details
Main Author: Cormier, Benjamin Rodolphe
Other Authors: Mannan, Mahboobul Sam (Thesis advisor), El-Halwagi, Mahmoud M. (Thesis advisor)
Format: Thesis eBook
Language:English
Published: [College Station, Tex.] : [Texas A&M University], [2010]
Subjects:
Online Access:Link to OAK Trust copy

MARC

Tag First Indicator Second Indicator Subfields
LEADER 00000cam a2200000Ka 4500
001 in00002575502
005 20151201150151.0
006 m f d
007 cr unu||||||||
008 100428s2010 txu sbm 000 0 eng d
035 |a (OCoLC)ocn609905550 
035 |a (OCoLC)609905550 
035 |a (TxCM)http://hdl.handle.net/1969.1/ETD-TAMU-2899 
040 |a TXA  |c TXA  |d UtOrBLW 
049 |a TXAM 
099 |a 2008  |a Dissertation  |a 1969.1/ETD-TAMU-2899 
100 1 |a Cormier, Benjamin Rodolphe. 
245 1 0 |a Computational fluid dynamics for LNG vapor dispersion modeling :  |b a key parameters study /  |c by Benjamin Rodolphe Cormier. 
264 1 |a [College Station, Tex.] :  |b [Texas A&M University],  |c [2010] 
300 |a 1 online resource. 
336 |a text  |b txt  |2 rdacontent 
337 |a computer  |b c  |2 rdamedia 
338 |a online resource  |b cr  |2 rdacarrier 
500 |a "Major Subject: Chemical Engineering" 
500 |a Title from author supplied metadata (automated record created 2010-03-12 12:08:51). 
502 |b Doctor of Philosophy  |c Texas A&M University  |d 2008  |o http://hdl.handle.net/1969.1/ETD-TAMU-2899 
504 |a Includes bibliographical references. 
516 |a Text (Dissertation) 
520 3 |a The increased demand for liquefied natural gas (LNG) has led to the construction of several new LNG terminals in the United States (US) and around the world. To ensure the safety of the public, consequence modeling is used to estimate the exclusion distances. The purpose of having these exclusion distances is to protect the public from being reached by flammable vapors during a release. For LNG industry, the exclusion zones are determined by the half lower flammability limits (half LFL, 2.5% V/V). Since LNG vapors are heavier 'than' air when released into atmosphere, it goes through stages, negative, neutral and positive buoyant effect. In this process, it may reach the half LFL. The primary objective of this dissertation is to advance the status of LNG vapor dispersion modeling, especially for complex scenarios (i.e. including obstacle effects). The most used software, box models, cannot assess these complex scenarios. Box models simulate the vapor in a free-obstacle environment. Due to the advancement in computing, this conservative approach has become questionable. New codes as computational fluid dynamics (CFD) have been proven viable and more efficient than box models. The use of such advance tool in consequence modeling requires the refinement of some of the parameters. In these dissertation, these parameters were identified and refine through a series of field tests at the Brayton Firefighter Training Field (BFTF) as part of the Texas A&M University System (TAMUS). A total of five tests contributed to this dissertation, which three of them were designed and executed by the LNG team of the Mary Kay O'Connor Process Safety Center (MKOPSC) and the financial support from BP Global SPU Gas (BP). The data collected were used as calibration for a commercial CFD code called CFX from ANSYS. Once the CFD code was tuned, it was used in a sensitivity analysis to assess the effects of parameters in the LFL distance and the concentration levels. The dissertation discusses also the validity range for the key parameters. 
500 |a Electronic resource. 
650 4 |a Major chemical engineering. 
653 |a Parameters 
653 |a LNG 
653 |a Dispersion 
653 |a Experimental 
700 1 |a Mannan, Mahboobul Sam,  |e thesis advisor. 
700 1 |a El-Halwagi, Mahmoud M.,  |e thesis advisor. 
856 4 0 |u http://hdl.handle.net/1969.1/ETD-TAMU-2899  |z Link to OAK Trust copy  |t 0 
948 |a cataloged  |b h  |c 2010/4/28  |d c  |e jgreene  |f 4:31:36 pm 
994 |a C0  |b TXA 
999 |a MARS 
999 f f |s da6598db-a483-3fb9-b81e-f6819f083b81  |i 964eaa2c-062d-386b-a9d4-bbc91cbcacec  |t 0 
952 f f |a Texas A&M University  |b College Station  |c Electronic Resources  |d Available Online  |t 0  |e 2008 Dissertation 1969.1/ETD-TAMU-2899  |h Other scheme 
998 f f |a 2008 Dissertation 1969.1/ETD-TAMU-2899  |t 0  |l Available Online